Football Teams’ Nicknames - Statistics

General Stats
  • This quiz has been taken 54 times
  • The average score is 9 of 16
Answer Stats
Hint Answer % Correct
Tottenham Hotspurs Spurs/ Lilywhites
89%
Norwich Canaries
72%
AFC Bournemouth Cherries
70%
Newcastle Magpies
70%
Everton Toffees
70%
Fulham Cottagers
64%
Sunderland Black Cats
60%
Sheffield United Blades
60%
Ipswich Town Tractor Boys
55%
Blackpool Seasiders/ Tangerines
49%
Luton Hatters
45%
Plymouth Argyle Pilgrims
38%
Preston North End Invicibles
32%
Huddersfield Town Terriers
32%
Rotherham United Millers
28%
Barnsley Tykes
28%
No matching quizzes found
Score Distribution
Percent of People with Each Score
Percentile by Number Answered
Your Score History
You have not taken this quiz